| 000 | 00556nam a22001817a 4500 | ||
|---|---|---|---|
| 999 |
_c6592 _d6592 |
||
| 003 | OSt | ||
| 005 | 20200205124744.0 | ||
| 008 | 200205b ||||| |||| 00| 0 eng d | ||
| 020 | _a1899825002 | ||
| 040 | _c040a | ||
| 082 |
_a371.48 _bPRE 2002 |
||
| 100 |
_aPretty, Jules N...{etal} _913566 |
||
| 245 |
_aA trainer's guide for participatory learning and action / _cJules N Pretty...{etal} |
||
| 260 |
_aLondon _bInternational institute for environment and development _c2002 |
||
| 300 |
_a267p; _bill : _c20 cm. |
||
| 650 | _2Training | ||
| 942 |
_2ddc _cO_SHELF |
||